000 01199nab a22002417a 4500
999 _c6473
_d6473
003 OSt
005 20260210093646.0
008 190506c xxu||||| |||| 00| 0 spa d
040 _cPJ
100 _94420
_aToledo Ríos, Rafael E.
245 1 0 _aPensiones de hija incapacitada por fallecimiento sucesivo de ambos padres ¿requiere evaluación médica la segunda prestación? /
_cRafael E. Toledo Ríos.
260 _aBuenos Aires :
_bAbeledoPerrot,
_c2025.
300 _ap. 87-93
500 _aCita: TR LALEY AR/DOC/236/2025.
505 _aSumario: I. Un caso de mayor vulnerabilidad y muy particular.— II. Ineficiencia administrativa y arbitrariedad judicial.— III. Res. SSS 30/2021 y Circular ANSeS 52/2021.— IV. El paradigma protectorio de la Corte en materia de seguridad social.
505 _t¿Te interesa el texto completo? Comunicate al correo: koha@justierradelfuego.gov.ar
650 0 _91395
_aSEGURIDAD SOCIAL
650 0 _91406
_aINCAPACIDAD LABORAL
650 0 _aCOMISIONES MÉDICAS
_94942
650 0 _aARBITRARIEDAD
_9282
773 0 _02751
_93202
_dBuenos Aires : AbeledoPerrot, 2013-
_tRevista de derecho laboral y seguridad social. Nº 6 - Marzo 2025
942 _2udc
_cANA